000 00315nam a22001457a 4500
008 230530b ||||| |||| 00| 0 eng d
020 _a9782845631588
041 _aFRA
080 _a82
082 _a82BRI
100 _a38
101 _aGJL
245 _aJ'AI OUBLIE DE VOUS DIRE
_cBRIALY C J
942 _2udc
_cBK
999 _c59874
_d59874